| 000 | 00547nam a22002057a 4500 | ||
|---|---|---|---|
| 003 | OSt | ||
| 005 | 20140310182927.0 | ||
| 008 | 130130t xxu||||| |||| 00| 0 eng d | ||
| 020 | _a9719331704 | ||
| 050 |
_aPE 1112 _b.F587 2006 |
||
| 082 |
_aFIL 425 _bF59 2006 |
||
| 245 |
_aMaster English grammar in 28 days _cFlauta, Romeo A. |
||
| 260 |
_aLos BaƱos, Laguna _bFPR Publishing _cc2006 |
||
| 300 |
_a243 p. _c22 cm |
||
| 521 | _acollege students | ||
| 526 | _c1210L-1700L | ||
| 541 | _j1 | ||
| 562 | _e1 | ||
| 942 |
_2lcc _cBK _kFIL |
||
| 999 |
_c17441 _d17441 |
||